000 01544nam a22003137i 4500
003 DO-SdBNP
005 20250129132828.0
007 ta
008 231002e1994 dr b||| |||| 00| 0 spa d
040 _aDO-SdBNP
_bspa
_cBNPHU
_erda
082 4 _axxx
_bM77L
_222
100 1 _aMontenegro, Liliana,
_eautor
_4aut.
_973770
245 1 0 _aLengua española y ciencias sociales :
_bcuaderno de trabajo 7°/
_cLiliana Montenegro, Ana M. Haché de Yunén, Héctor Luis Martínez, Colón Lapaix, Ángela Calderón ; ilustraciones, Marta de Olloqui ; fotografías, Domingo Batista
264 1 _aSantoDomingo :
_bSecretaría de Estado de Educación, Bellas Artes y Cultos,
_c1994.
300 _a80 páginas :
_bIlustraciones, fotografías, mapas ;
_c26 cm.
336 _atexto
_btxt
_2rdacontent
337 _asin mediación
_bn
_2rdamedia
338 _avolumen
_bnc
_2rdacarrier
505 _aUnidad I: Encuentros--
_tUnidad II: La Madre Naturaleza--
_tUnidad III: Hombro con Hombro--
_tUnidad IV: Con otros Ojos--
_tUnidad V: Otros Mundos.
590 _aInventariado 2023 / MF
700 1 _aHaché de Yunén, Ana M.,
_eautor
_4aut.
_984280
700 1 _aMartínez, Héctor Luis,
_d1958-
_eautor
_4aut.
_937746
700 1 _aLapaix, Colón,
_eautor
_4aut.
_938526
700 1 _aCalderón, Ángela,
_eautor
_4aut.
_984332
700 1 _aOlloqui, Marta de,
_983687
_eilustrador
_4il.
700 1 _aBatista, Domingo,
_d1946-
_efotográfo
_4fot.
_943004
710 _aRepública Dominicana
_bSecretaría de Estado de Educación, Bellas Artes y Cultos
_957502
942 _2ddc
_cLBS1
999 _c55040
_d55040